000 00513nam a22001697a 4500
999 _c184502
_d184502
005 20220121113107.0
010 _aENG-131299
020 _a978-93-5322-738-8
_c120.00
035 _aEN-114831
037 _bDBAD
082 _a000
245 _aKVS PGT Recruitment Examination:
_bEnglish:
260 _aNew Delhi
_bPrabhat Exam
_c2019
270 _bNew Delhi
_a4/19, Asaf Ali Road
_e110002
_k23289555, 23289666
_mprabhatbook@gmail.com
300 _a125p.
_c28cm(pbk)
942 _2ddc
_cEN
_h000
_mKVS